Français, Suisse, Belge, ou Québécois? - Statistiques

Statistiques générales
  • Ce quiz a été pris 41 fois
  • Le résultat moyen est 8 sur 12
Statistiques - réponses
Question Réponse % Correct
Angèle: Personnalité Française, Suisse, Belge, ou Québécoise? Belge
95%
Yann Barthès: Personnalité Française, Suisse, Belge, ou Québécoise? Française
87%
Philippe Geluck: Personnalité Française, Suisse, Belge, ou Québécoise? Belge
85%
Denis Villeneuve: Personnalité Française, Suisse, Belge, ou Québécoise? Québécoise
77%
Louise Michel: Personnalité Française, Suisse, Belge, ou Québécoise? Française
74%
Amélie Nothomb: Personnalité Française, Suisse, Belge, ou Québécoise? Belge
72%
Stanislas Wawrinka: Personnalité Française, Suisse, Belge, ou Québécoise? Suisse
72%
Virginie Effira: Personnalité Française, Suisse, Belge, ou Québécoise? Belge
69%
Coeur de Pirate: Personnalité Française, Suisse, Belge, ou Québécoise? Québécoise
69%
Henri Dunant: Personnalité Française, Suisse, Belge, ou Québécoise? Suisse
56%
Félix Auger-Aliassime: Personnalité Française, Suisse, Belge, ou Québécoise? Québécoise
46%
Ella Maillart: Personnalité Française, Suisse, Belge, ou Québécoise? Suisse
38%
Aucun quiz correspondant
Distribution des résultats
% des personnes avec chaque résultat
Percentile par nombre de réponses
Votre historique - résultats
Vous n’avez pas pris ce quiz